000 00494nam a22001817a 4500
008 150925b xxu||||| |||| 00| 0 eng d
020 _a9780324568196
020 _a0324568193
041 0 _aeng
080 _a336
100 1 _aMadura, Jeff.
245 1 0 _aInternational financial management /
_cJeff Madura.
250 _a9th ed.
260 _aMason, OH :
_bThomson/South-Western,
_c2008.
300 _axxv, 673 f. :
_bme il.;
_c27 cm.
650 0 _aFinanca ndërkombëtare
942 _2udc
_cBK
999 _c1179
_d1179